Naturaleza y ciudad

Saved in:
Bibliografiske detaljer
Hovedforfatter: Hough, Michael (Author)
Format: Bog
Sprog:spansk
Udgivet: Barcelona Gustavo Gili 1998
Serier:Planificación Urbana y Procesos Ecológicos
Fag:
Tags: Tilføj Tag
Ingen Tags, Vær først til at tagge denne postø!

MARC

LEADER 00000nam a2200000 a 4500
001 UCN7347
003 CL-VaPUC
008 011018e19980000SP |||||||||||||||||spa|d
082 0 4 |a 711  |b HOU  |2 21 
100 0 |a Hough, Michael  |e author  |9 463268 
245 1 0 |a Naturaleza y ciudad 
300 |a 315 p 
942 |c BK 
945 |d 20011018 00:00:00  |a cmena 
260 |a Barcelona  |b Gustavo Gili  |c 1998 
650 0 |a Planificación urbana   |9 258176 
650 7 |a ECOLOGIA URBANA  |2 CL-VaPUC  |9 357501 
650 0 |a Ciudades  |9 265474 
650 7 |a DISEÑO PAISAJISTICO  |2 CL-VaPUC  |9 463269 
650 0 |a Arquitectura   |x Aspectos sociales   |9 463270 
583 |a last modification  |c 20011018 00:00:00  |k Rodrigo Vera 
490 0 |a Planificación Urbana y Procesos Ecológicos 
999 |c 297720  |d 297718 
952 |0 0  |1 0  |4 0  |6 711_000000000000000_HOU_1998  |7 0  |8 A  |9 352668  |a BIBARQ  |b BIBARQ  |d 2019-11-21  |i 3694534  |o 711 HOU 1998  |p 3694534  |r 2025-01-20  |w 2019-11-21  |y BK  |k ARQ 
952 |0 0  |1 0  |4 0  |6 711_000000000000000_HOU_1998  |7 0  |8 A  |9 352669  |a BIBARQ  |b BIBARQ  |d 2019-11-21  |i 4094328  |l 4  |o 711 HOU 1998  |p 4094328  |r 2025-04-21  |s 2025-04-11  |w 2019-11-21  |y BK  |k ARQ